Community Health Nursing (Record no. 9286)

MARC details
000 -LEADER
fixed length control field 00460nam a22001577a 4500
008 - FIXED-LENGTH DATA ELEMENTS--GENERAL INFORMATION
fixed length control field 230214b |||||||| |||| 00| 0 eng d
020 ## - INTERNATIONAL STANDARD BOOK NUMBER
International Standard Book Number 978-81-939446-3-9
082 ## - DEWEY DECIMAL CLASSIFICATION NUMBER
Edition number 3rd ed
Classification number 610.73 GUL
100 ## - MAIN ENTRY--PERSONAL NAME
Personal name Krishna Kumari Gulani
245 ## - TITLE STATEMENT
Title Community Health Nursing
Remainder of title Principles and Practices
Statement of responsibility, etc. K.K. Gulani
250 ## - EDITION STATEMENT
Edition statement 3rd ed
260 ## - PUBLICATION, DISTRIBUTION, ETC.
Place of publication, distribution, etc. Delhi, India ;
Name of publisher, distributor, etc. Kumar Publishing House,
Date of publication, distribution, etc. 2021
300 ## - PHYSICAL DESCRIPTION
Extent 781 p.
Dimensions 27.8cm
942 ## - Added entry Elements (Koha)
Source of classification or shelving scheme Dewey Decimal Classification
Holdings
Withdrawn status Lost status Source of classification or shelving scheme Damaged status Not for loan Collection code Home library Current library Shelving location Date acquired Serial Enumeration / chronology Total Checkouts Total Renewals Full call number Barcode Checked out Date last seen Date last checked out Price effective from Koha item type
    Dewey Decimal Classification     Main TEST RTC Library RTC Library Main opac 14/02/2023 176895 3 2 610.73 GUL c.1 30017874 30/06/2026 29/01/2026 29/01/2026 14/02/2023 Main
    Dewey Decimal Classification     Main TEST RTC Library RTC Library Main opac 14/02/2023 176896 2   610.73 GUL c.2 30017821   06/04/2023 06/03/2023 14/02/2023 Main
    Dewey Decimal Classification     Main TEST RTC Library RTC Library Main opac 14/02/2023 176897 2 2 610.73 GUL c.3 30017950   24/03/2025 06/02/2025 14/02/2023 Main
    Dewey Decimal Classification     Main TEST RTC Library RTC Library Main opac 14/02/2023 176898 4 3 610.73 GUL c.4 30017858   03/04/2025 06/03/2025 14/02/2023 Main
    Dewey Decimal Classification     Main TEST RTC Library RTC Library Main opac 14/02/2023 176899 2 1 610.73 GUL c.5 30018022   31/03/2026 03/03/2025 14/02/2023 Main
    Dewey Decimal Classification     Main TEST RTC Library RTC Library Main opac 14/02/2023 176900 1 2 610.73 GUL c.6 30018019   25/03/2025 18/02/2025 14/02/2023 Main
    Dewey Decimal Classification     Main TEST RTC Library RTC Library Main opac 14/02/2023 176901 1   610.73 GUL c.7 30017935   09/06/2025 31/01/2025 14/02/2023 Main
    Dewey Decimal Classification     Main TEST RTC Library RTC Library Main opac 14/02/2023 176902 1   610.73 GUL c.8 30017801   25/04/2025 15/04/2025 14/02/2023 Main
Royal Thimphu College || All Right Reserved